Franchising - modern form of business for small and medium sized enterprises in 21st century

Franchising je modernou formou podnikania, ktorá prechádza v súčasnosti fázou renesancie. Je vhodnou formou podnikania pre malé a stredné podniky v 21. storočí. Ďalej bude vytvárať nové pracovné miesta a prispievať k stabilizácii malých a stredných podnikov, v sektore obchodu, priemyslu, cestovného...

Descripción completa

Guardado en:
Detalles Bibliográficos
Autor principal: Orgonáš, Jozef, 1957-
Otros Autores: Paholková, Barbora
Formato: Capítulo de libro
Lenguaje:inglés
Materias:
Etiquetas: Agregar Etiqueta
Sin Etiquetas, Sea el primero en etiquetar este registro!

MARC

LEADER 00000nla a2200000 4500
001 0237191
005 20240502083634.0
041 0 |a eng 
044 |a CZ 
245 1 0 |a Franchising - modern form of business for small and medium sized enterprises in 21st century  |c Jozef Orgonáš, Barbora Paholková 
520 |a Franchising je modernou formou podnikania, ktorá prechádza v súčasnosti fázou renesancie. Je vhodnou formou podnikania pre malé a stredné podniky v 21. storočí. Ďalej bude vytvárať nové pracovné miesta a prispievať k stabilizácii malých a stredných podnikov, v sektore obchodu, priemyslu, cestovného ruchu a služieb. Franchising je schopný adoptovať požiadavky trhu a dokáže odpovedať na nároky spotrebiteľov. 
610 2 0 |a prostredie podnikateľské 
610 2 0 |a podnik malý 
610 2 0 |a podnik stredný 
610 2 0 |a podnikanie 
610 2 0 |a konkurencieschopnosť 
610 2 0 |a franchising 
100 1 |a Orgonáš, Jozef, 1957- 
700 1 |a Paholková, Barbora